Ayuno : la dieta máxima /

محفوظ في:
التفاصيل البيبلوغرافية
المؤلف الرئيسي: Cott, Allan (autor)
مؤلفون آخرون: Cárdenas Barrios, René (traducción) (traducción)
التنسيق: كتاب
اللغة:الإسبانية
منشور في: México : Diana, 1978, c1977
الموضوعات:
الوسوم: إضافة وسم
لا توجد وسوم, كن أول من يضع وسما على هذه التسجيلة!

MARC

LEADER 00000nam^a2200000^a^4500
001 000344743
005 20250521000000.0
009 20260310114659.608
037 |a Acervo ITESO - Biblioteca 
041 |a ESP 
082 |a 613. 25  |b COT 
100 |a Cott, Allan  |e (autor) 
245 1 0 |a Ayuno :  |b la dieta máxima /  |c A. Cott ; tr. por R. Cárdenas Barrios. 
264 4 |a México :  |b Diana,  |c 1978, c1977 
300 |a 165 p. 
336 |a texto  |b txt  |2 rdacontenido 
337 |a sin mediación  |b n  |2 rdamedio 
338 |a volumen  |b nc  |2 rdasoporte 
500 |a Traducción de: Fasting: The Ultimate Diet 
649 |a XX 
650 |a Ayuno -  |x Tema Principal 
650 |a Dietas de Reducción -  |x Tema Principal 
650 |a Dieta 
650 |a Nutrición 
650 |a Salud 
700 |a Cárdenas Barrios, René  |e (traducción) 
910 |a Fondo General 
920 |a Impresos - Libros 
930 |a Colección General 
905 |a 101 
901 |a 0500235340  |b IT1  |c ACC  |i D64282  |u 20250521 
902 |a https://opac.biblio.iteso.mx/vufind/Record/000344743